000 00397nam a22001697a 4500
005 20180727161504.0
008 160624b xxu||||| |||| 00| 0 eng d
020 _a81-203-2043-3
041 _aeng
082 _b9851
_a658.3
100 _aRobbins, Stephen P.
_94655
245 _aOrganization Theory
260 _bPHI
_c2001
_adelhi
300 _a534p,
650 _aManagement
_9241
942 _cBK
999 _c3867
_d3866